000 01189nam a2200325 i 4500
003 EG-GICUC
005 20260121101554.0
008 251231s1994 ua ||||fr|||| 000 0 ara d
017 _a93/5929
020 _a977-04-1000-4
040 _a EG-GICUC
_bara
_c EG-GICUC
_d EG-GICUC
_erda
041 _aara
082 0 4 _221
_a345.612
_bر أ . م
092 0 4 _221
099 _aLaw1 07 345.612 ر أ . م 1994
100 0 _aرأفت فودة
_eمؤلف.
245 1 0 _aمصادر المشروعية الإدارية ومنحنياتها :
_bدراسة مقارنة /
_cالدكتور رأفت فودة.
264 _aالقاهرة :
_bدار النهضة العربية,
_c1994.
300 _a283 صفحة ؛
_c24 سم
336 _2rda content
_atext
337 _2rda media
_aComputer
338 _2rda carrier
_aOnline Resource
546 _aالنص أغلبه باللغة العربية مع بعض النصوص الفرنسية
650 1 4 _aمشروعية القرارات الإدارية
_2qrmak
650 1 4 _aالقانون الإداري
651 1 _2qrmak
856 4 0 _uhttps://fll.law.cu.edu.eg/fulltext/bks/B07-02055.pdf
905 _a79
942 _2ddc
_cBK
_e21
_n0
999 _c53403
_d53403